| 000 | 00000nam##2200000za#4500 |
| 001 | 9.640015 |
| 003 | CaOODSP |
| 005 | 20210624222448 |
| 007 | cr ||||||||||| |
| 008 | 150407|2000||||xxc|||||o f|0| 0 fre|d |
| 040 | |aCaOODSP|bfre |
| 043 | |an-cn--- |
| 086 | 1 |aSC94-73/2000F-PDF |
| 110 | 1 |aCanada.|bCentre canadien de gestion. |
| 245 | 10|aNégociation d'accords de développement du marché du travail / |h[ressource électronique]|c[par] Herman Bakvis et Peter Aucoin. |
| 260 | |aOttawa - Ontario : |bCentre canadien de gestion |cMars 2000. |
| 300 | |a61p.|bréférences, tableaux |
| 500 | |a"Recherche, no. 22". Le n° de catalogue (SC94-73/2000) et l'ISBN (0-662-64896-X) de l'édition imprimée bilingue ont été incorrectement copiés dans l'édition électronique. |
| 590 | |a12-16-Supp|b2012-04-17 |
| 691 | 07|aAccord|2gcpds |
| 691 | 07|aMarché du travail|2gcpds |
| 691 | 07|aNégociation|2gcpds |
| 720 | 1 |aBakvis, Herman |
| 720 | 1 |aAucoin, Peter |
| 775 | 08|tNegotiating labour market development agreements / |w(CaOODSP)9.695895 |
| 776 | 0#|tNegotiating labour market development agreements / |w(CaOODSP)9.661771 |
| 776 | 0#|tNégociation d'accords de développement du marché du travail / |w(CaOODSP)9.661772 |
| 856 | 40|ahttp://publications.gc.ca|qPDF|s249 Ko|uhttps://publications.gc.ca/collections/Collection/SC94-73-2000F.pdf |